000 00795cam a22002535a 4500
001 18238033
005 20160126140153.0
008 140723t2015 mauk fr 001 0 eng d
020 _a9780133962208
020 _a0133962202
040 _aDLC
_beng
_cDLC
_dEG-ScBUE
_dEG-ScBUE
082 0 4 _a620.0042028553
_bBET
_222
100 1 _aBethune, James D.,
_d1941-
_939171
245 1 0 _aEngineering graphics with AutoCAD 2015 /
_cJames D. Bethune.
260 _aBoston :
_bPearson Education Limited,
_cc.2015.
300 _axxi, 814 p. :
_bforms ;
_c28 cm.
500 _aIndex : p. 803-814.
500 _aIncludes appendix.
630 0 7 _aAutoCAD.
_2BUEsh
_937593
650 0 _aEngineering graphics.
_2BUEsh
651 _2BUEsh
653 _bENGGEN
_bCOMSCI
_cJuly2015
_cJanuary2016
942 _2ddc
999 _c20271
_d20243